Psicología: perspectivas deconstruccionistas

Uloženo v:
Podrobná bibliografie
Hlavní autoři: Cabruja Ubach, Teresa (Autor), Albertín Carbó, Pilar (Autor), Garay Uriarte, Ana Isabel (Autor), Gordo López, Angel Juan (Autor)
Médium: Kniha
Jazyk:španělština
Vydáno: Barcelona UOC 2005
Vydání:1a. ed
Edice:Psicología
Témata:
Tagy: Přidat tag
Žádné tagy, Buďte první, kdo vytvoří štítek k tomuto záznamu!

MARC

LEADER 00000nam a2200000 a 4500
001 UCH2107
003 CL-VaPUC
008 090528e20050000SP |||||||||||||||||spa|d
020 |a 8497881540 
082 0 4 |a 150  |b CAB  |2 21 
100 0 |a Cabruja Ubach, Teresa  |e author  |9 536764 
700 0 |a Albertín Carbó, Pilar  |e author  |9 536765 
700 0 |a Garay Uriarte, Ana Isabel  |e author  |9 536766 
700 0 |a Gordo López, Angel Juan  |e author  |9 536767 
245 1 0 |a Psicología: perspectivas deconstruccionistas 
250 |a 1a. ed 
300 |a 211 p 
942 |c BK 
945 |d 20090528 00:00:00  |a rbrito 
260 |a Barcelona  |b UOC  |c 2005 
650 0 |a Psicología   |9 257863 
650 0 |a Psicología clínica  |9 307259 
650 0 |a Psicología social   |9 222894 
650 0 |a Psicopatología   |9 307473 
583 |a last modification  |c 20130101 08:45:10  |k Rodrigo Vera 
490 0 |a Psicología 
999 |c 333931  |d 333929 
952 |0 0  |1 0  |4 0  |6 150_000000000000000_CAB_2005  |7 0  |8 A  |9 422604  |a BIBEDU  |b BIBEDU  |d 2019-11-22  |i 4552393  |o 150 CAB 2005  |p 4552393  |r 2019-11-22  |w 2019-11-22  |y BK  |k PSI